Husserl (Registo nº 202758)
[ vista simples ]
| 000 -Etiqueta do registo | |
|---|---|
| Valores | 00634nam 22001933 4500 |
| 100 ## - Dados gerais de processamento | |
| Dados gerais | 20240814d u||y0pory50 ba |
| 200 ## - Titulo e menção de responsabilidade | |
| Título próprio | Husserl |
| Primeira menção de responsabilidade | avec un exposé de sa philosophie par Lothar Kelkel, René Schérer |
| Informação de outro título | sa vie, son ouevre |
| 210 ## - Publicação | |
| Local de publicação | Paris |
| Nome do editor | PUF |
| Data de publicação | 1964 |
| 215 ## - Descrição física | |
| Paginação / Volumes | 144 p. |
| Outras indicações físicas | brochado |
| Dimensões | 19 cm |
| 225 ## - Colecção | |
| Título próprio da colecção | Philosophes |
| Outras menções de responsabilidade | colection fondée par Émile Bréhier |
| 606 ## - Nome comum usado como assunto | |
| Palavra de ordem | Filosofia |
| ID Autoridade | 32 |
| 675 ## - CDU | |
| Notação | 1 |
| Edição | FR |
| Língua | fra |
| 702 ## - Autor secundário (pessoa individual) | |
| ID Autoridade | 17636 |
| Apelido | Kelkel |
| Nome | Arion Lothar |
| Datas | 1927-2015 |
| 702 ## - Autor secundário (pessoa individual) | |
| ID Autoridade | 17637 |
| Apelido | Schérer |
| Nome | René |
| Datas | 1922-2023 |
| 801 ## - Fonte de origem | |
| País | PT |
| Agência | BMMN |
| Regras de catalogação | RPC |
| 830 ## - Notas gerais do catalogador | |
| Criado por | Ana Falardo |
| Indexado por | Ana Falardo |
| 990 ## - Elementos KOHA | |
| Tipo de documento | Livro |
| Situação do levantamento | Biblioteca de origem | Código de barras | Cota | Permissão de empréstimo | Tipo de documento | Nota relativa ao exemplar | Forma de aquisição |
|---|---|---|---|---|---|---|---|
| Biblioteca Municipal de Montemor-o-Novo | 32269 | 1 HUS|SAF | Livro | Acesso Condicionado | Oferta |